Experimental organic chemistry : (Record no. 4100)
[ view plain ]
| 000 -LEADER | |
|---|---|
| fixed length control field | 00710nam a22002172 4500 |
| 001 - CONTROL NUMBER | |
| control field | 0000020323 |
| 005 - DATE AND TIME OF LATEST TRANSACTION | |
| control field | 20151217145924.0 |
| 008 - FIXED-LENGTH DATA ELEMENTS--GENERAL INFORMATION | |
| fixed length control field | 110912s xx 000 0 eng d |
| 020 ## - INTERNATIONAL STANDARD BOOK NUMBER | |
| International Standard Book Number | 049501334x : |
| 040 ## - CATALOGING SOURCE | |
| Original cataloging agency | KABU |
| Transcribing agency | KABU |
| 100 1# - MAIN ENTRY--PERSONAL NAME | |
| Personal name | Gilbert, John C. |
| -- | 0000180490 |
| 245 10 - TITLE STATEMENT | |
| Title | Experimental organic chemistry : |
| Remainder of title | a miniscale & microscale approach / |
| Statement of responsibility, etc. | John C. Gilbert, Stephen F. Martin. |
| 250 ## - EDITION STATEMENT | |
| Edition statement | 4th ed. |
| 260 ## - PUBLICATION, DISTRIBUTION, ETC. (IMPRINT) | |
| Place of publication, distribution, etc. | Belmont, CA. : |
| Name of publisher, distributor, etc. | Thomson, |
| Date of publication, distribution, etc. | 2006. |
| 300 ## - PHYSICAL DESCRIPTION | |
| Extent | xxi, 927 p. |
| 650 #0 - SUBJECT ADDED ENTRY--TOPICAL TERM | |
| Topical term or geographic name as entry element | Chemistry, Organic |
| Form subdivision | Laboratory manuals. |
| -- | 0000154192 |
| 700 1# - ADDED ENTRY--PERSONAL NAME | |
| Personal name | Martin, Stephen F. |
| -- | 0000180491 |
| 852 1# - LOCATION | |
| -- | p5950 KES |
| 908 ## - PUT COMMAND PARAMETER (RLIN) | |
| Put command parameter | 110912 |
| 950 ## - LOCAL HOLDINGS (RLIN) | |
| -- | 1 |
| Withdrawn status | Lost status | Source of classification or shelving scheme | Not for loan | Home library | Current library | Date acquired | Total Checkouts | Total Renewals | Full call number | Barcode | Date last seen | Date last checked out | Price effective from | Koha item type | Cost, normal purchase price |
|---|---|---|---|---|---|---|---|---|---|---|---|---|---|---|---|
| Library of Congress Classification | Kabarak, Main Campus | Kabarak, Main Campus | 17/12/2015 | 8 | 1 | QD261 .G55 2006 c. 1 | 21712 | 09/03/2020 | 06/03/2020 | 17/12/2015 | General Collection | ||||
| Library of Congress Classification | Kabarak, Main Campus | Kabarak, Main Campus | 17/12/2015 | QD261 .G55 2006 c. 4 | 025717 | 19/02/2019 | 17/12/2015 | General Collection | 6950.00 | ||||||
| Library of Congress Classification | Kabarak, Main Campus | Kabarak, Main Campus | 17/12/2015 | QD261 .G55 2006 c. 2 | 025719 | 19/07/2018 | 17/12/2015 | General Collection | 6950.00 | ||||||
| Library of Congress Classification | Kabarak, Main Campus | Kabarak, Main Campus | 17/12/2015 | 1 | 1 | QD261 .G55 2006 c. 3 | 025718 | 05/11/2018 | 25/10/2018 | 17/12/2015 | General Collection | 6950.00 | |||
| Library of Congress Classification | Kabarak, Main Campus | Kabarak, Main Campus | 17/12/2015 | 2 | QD261 .G55 2006 c. 5 | 025716 | 27/11/2018 | 19/11/2018 | 17/12/2015 | General Collection | 6950.00 | ||||
| Library of Congress Classification | Kabarak, Main Campus | Kabarak, Main Campus | 17/12/2015 | QD261 .G55 2006 c. 6 | 025715 | 19/07/2018 | 17/12/2015 | General Collection | 6950.00 |